banner-ar

مسالك الابصار فى ممالك الامصار فى الحيوان والنبات والمعادن / (Record no. 48412)

MARC details
000 -الفاتح
حقل البيانات ثابتة الطول 00877nam a2200229Ia 4500
005 - وقت وتاريخ اخر تعامل مع التسجيلة
رقم الضبط 20240530104531.0
008 - عناصر البيانات ثابتة الطول - معلومات عامة
حقل البيانات ثابتة الطول 140319s9999 xx 000 0 ara d
040 ## - مصدر الفهرسة
وكالة الفهرسة الأصلية GCL /
وكالة النسخ GCL
082 04 - رقم تصنيف ديوى العشرى
رقم التصنيف 590
رقم المادة ف م
100 1# - المدخل الرئيسى - إسم شخصى
الإسم الشخصى بن فضل الله العمرى
245 10 - بيان العنوان
العنوان مسالك الابصار فى ممالك الامصار فى الحيوان والنبات والمعادن /
بيان المسئوليه,etc بن فضل الله العمرى ؛ تحقيق عبدالحميد صالح حمدان
260 ## - PUBLICATION, DISTRIBUTION, ETC. (IMPRINT)
تاريخ النشر أو التوزيع 1996
300 ## - الوصف المادى
التعداد 430 ص
490 ## - بيان السلسلة
عنوان السلسلة الهيئة العامة للاستعلامات
رقم المجلد/ التعيين التسلسلي 0
650 04 - المدخل الاضافى بالموضوع-مصطلح موضوعى
مصطلح موضوعي علم النبات
650 04 - المدخل الاضافى بالموضوع-مصطلح موضوعى
مصطلح موضوعي النباتات
650 04 - المدخل الاضافى بالموضوع-مصطلح موضوعى
مصطلح موضوعي علم الحيوان
650 04 - المدخل الاضافى بالموضوع-مصطلح موضوعى
مصطلح موضوعي الحيوانات - تربية
700 1# - المدخل الاضافى - اسم شخصى
الإسم الشخصى عبدالحميد صالح حمدان
الدور محقق
942 ## - عناصر المدخل الإضافي( كوها)
مصدر التصنيف او مخطط الترفيف Dewey Decimal Classification
Koha [default] item type كتاب
260 ## - PUBLICATION, DISTRIBUTION, ETC. (IMPRINT)
-- القاهرة :
-- مكتبة مدبولى ،
Holdings
حالة التراجع حالة الفقد حالة تلف ليس للاعارة المكان المؤقت الموقع الحالى تاريخ الاكتساب اجمالي اﻻعارات رقم الطلب الباركود تاريخ اخر مشاهدة تاريخ تفعيل السعر نوع وعاء كوها
        مكتبة القاهرة الكبرى مكتبة القاهرة الكبرى 03/26/2014   590\ف م 116916 03/26/2014 03/26/2014 كتاب
        مكتبة القاهرة الكبرى مكتبة القاهرة الكبرى 03/26/2014   590\ف م 116917 03/26/2014 03/26/2014 كتاب
        مكتبة القاهرة الكبرى مكتبة القاهرة الكبرى 03/26/2014   590\ف م 116918 03/26/2014 03/26/2014 كتاب

Powered By

EGPV